| 000 | 00771nam a2200241 a 4500 | ||
|---|---|---|---|
| 005 | 20140310183533.0 | ||
| 008 | 111011s19uu xx 00 eng d | ||
| 010 | _a2009922799 | ||
| 020 | _a9781848606432 | ||
| 050 |
_aRJ 503 _b.G44 2010 |
||
| 100 | _aGeldard, Kathryn | ||
| 245 |
_aCounselling adolescents : _bthe proactive approach for young people / _cKathryn Geldard and David Geldard. |
||
| 250 | _a3rd ed. | ||
| 260 |
_aLos Angeles ; London : _bSAGE, _c2010. |
||
| 300 |
_a307 p. : _bill. ; _c24 cm. |
||
| 500 | _aPrevious ed.: 2004. Includes bibliographical references (p. [283]-297) and index. | ||
| 521 | _aPSYCH | ||
| 650 | _aTeenagers --Counseling of | ||
| 700 | _aGeldard, David | ||
| 942 |
_cBK _2lcc _kFOR |
||
| 999 |
_c24657 _d24657 |
||